000 00733nam a2200289Ia 4500
005 20260324133453.0
008 008 260324s9999 xx 000 0 eng d
020 _a9780429228223
037 _aEBOOK
040 _aCRL
040 _beng
040 _cCRL
041 _2eng
041 _aeng
084 _qCRL
100 _aLawrence J. Hettinger; Michael W. Haas
_91193220
245 0 _aVirtual and Adaptive Environments
245 0 _bApplications, Implications, and Human Performance Issues
260 _bTaylor and Francis
260 _c2003
365 _a
365 _b285
856 _uhttp://www.taylorfrancis.com/books/9780429228223
942 _cEBOOK
999 _c1792281
_d1792281